000 00510nam a2200169Ia 4500
999 _c8048
_d8048
003 OSt
005 20201118152934.0
008 190216s9999||||xx |||||||||||||| ||und||
020 _a9788171949519
040 _coclc
082 _a657
_bKAU/F
100 _a Kaur, Jasmine
_91178
245 0 _aFinancial Accounting : Equipped With Relevant IFRS Updates /
_cJasmine Kaur
260 _bTaxmann Publications,
_c2013.
_aNew Delhi:
300 _a706p
942 _cBK
_2ddc
_h657
_iKAU/F
_k657
_mKAU/F